Socialdemocracia y clases medias en Europa /

Uloženo v:
Podrobná bibliografie
Hlavní autor: Paramio, Ludolfo
Médium: Text
Tagy: Přidat tag
Žádné tagy, Buďte první, kdo vytvoří štítek k tomuto záznamu!

MARC

LEADER 00000 a a2200000 04500
001 47128
003
040
100 |a Paramio, Ludolfo  
245 |a Socialdemocracia y clases medias en Europa /  |c Ludolfo Paramio  
773 |g número247, (2013), páginas 70-80  
999 |c 21874  |d 21874